| 000 | 00615cam a2200193 4500 | ||
|---|---|---|---|
| 008 | 100318n 000 0 eng u | ||
| 020 | _a9781578811984 | ||
| 035 | _a(Sirsi) a168640 | ||
| 040 | _aCIP | ||
| 050 | _aLINK QP 141 PRE 2006 | ||
| 245 |
_aPresent knowledge in nutrition/ _cedited by Barbara A. Bowman and Robert M. Russell. |
||
| 250 | _a9th ed. | ||
| 260 |
_aWashington D.C: _bInternational Life Science Institute, _c2006 |
||
| 300 | _axvi, 526p. (Volume I) | ||
| 504 | _aIncludes bibliographical references. | ||
| 650 | _aNutrition | ||
| 700 | _aBowman, Barbara A. | ||
| 700 | _aRussell, Robert M. | ||
| 999 |
_c33966 _d33966 |
||